Les prénoms des ministres des gouvernements Ayrault (2012-2014) - Statistiques

Statistiques générales
  • Ce quiz a été pris 57 fois
  • Le résultat moyen est 21 sur 39
Statistiques - réponses
Hint Réponse % Correct
Taubira Christiane
98%
Fabius Laurent
95%
Cazeneuve Bernard
93%
Le Drian Jean-Yves
93%
Valls Manuel
93%
Montebourg Arnaud
90%
Hamon Benoît
90%
Touraine Marisol
90%
Vallaud-Belkacem Najat
90%
Duflot Cécile
88%
Moscovici Pierre
85%
Sapin Michel
83%
Cahuzac Jérôme
80%
Le Foll Stéphane
80%
Pellerin Fleur
78%
Filipetti Aurélie
76%
Batho Delphine
68%
Lebranchu Marylise
61%
Peillon Vincent
54%
Arif Kader
51%
Benguigui Yamina
51%
Bricq Nicole
46%
Pinel Sylvia
46%
Pau-Langevin George
37%
Fioraso Geneviève
32%
Lurel Victorin
29%
Vidalies Alain
27%
Bertinotti Dominique
24%
Carlotti Marie-Arlette
24%
Delaunay Michèle
24%
Cuvillier Frédéric
22%
Fourneyron Valérie
22%
Martin Philippe
20%
Repentin Thierry
20%
Lamy François
17%
Cantin Pascal
17%
Escoffier Anne-Marie
15%
Garot Guillaume
15%
Conway-Mouret Hélène
12%
Aucun quiz correspondant
Distribution des résultats
% des personnes avec chaque résultat
Percentile par nombre de réponses
Votre historique - résultats
Vous n’avez pas pris ce quiz